| 000 -LEADER | |
|---|---|
| fixed length control field | 00469nam a22001697a 4500 |
| 005 - DATE AND TIME OF LATEST TRANSACTION | |
| control field | 20240902133918.0 |
| 008 - FIXED-LENGTH DATA ELEMENTS--GENERAL INFORMATION | |
| fixed length control field | 240902b |||||||| |||| 00| 0 eng d |
| 020 ## - INTERNATIONAL STANDARD BOOK NUMBER | |
| ISBN | 978-93-95649-60-5 |
| 041 ## - LANGUAGE CODE | |
| Language code of text/sound track or separate title | eng |
| 082 ## - DEWEY DECIMAL CLASSIFICATION NUMBER | |
| Classification number | 540 DHA |
| 100 ## - MAIN ENTRY--AUTHOR NAME | |
| Personal name | DHAWAN, DR.S.N. AND KHETERPAL, DR .S.C. |
| 245 ## - TITLE STATEMENT | |
| Title | PRADEEP'S NEW COURSE CHEMISTRY [CLASS XI [ VOL-1] |
| 260 ## - PUBLICATION, DISTRIBUTION, ETC. (IMPRINT) | |
| Place of publication | JALANDHAR |
| Name of publisher | PRADEEP PUBLICATION,S INDIA |
| 300 ## - PHYSICAL DESCRIPTION | |
| Number of Pages | 7.263;P |
| 650 ## - SUBJECT ADDED ENTRY--TOPICAL TERM | |
| Topical Term | BMLT |
| 942 ## - ADDED ENTRY ELEMENTS (KOHA) | |
| Koha item type | Books |
| Lost status | Damaged status | Collection code | Home library | Current library | Shelving location | Date acquired | Source of acquisition | Cost, normal purchase price | Serial Enumeration / chronology | Full call number | Accession Number | Koha item type |
|---|---|---|---|---|---|---|---|---|---|---|---|---|
| Bachelor of Medical Laboratory Technology | JRU Library | JRU Library | SHELF-72-A | 30/08/2024 | PURCHASE | 1525.00 | NEW ARRIVALS SHELF | 540 | 28389 | Books | ||
| PARAMEDICAL | JRU Library | JRU Library | SHELF-104-A | 19/09/2024 | PURCHASE | 1580.00 | 540 DHA | 28599 | Books |